[Event "Tallinn-ch final"]
[Site "Tallinn"]
[Date "2009.12.13"]
[Round "3"]
[White "Zjukin, Sergei"]
[Black "Rauk, Tonu"]
[Result "1/2-1/2"]
[WhiteElo "2312"]
[BlackElo "2210"]
[PlyCount "21"]
[EventDate "2009.12.11"]
[EventType "tourn"]
[EventRounds "9"]
[EventCountry "EST"]
[SourceTitle "EXT 2011"]
[Source "ChessBase"]
[SourceDate "2010.11.26"]
[SourceVersion "1"]
[SourceVersionDate "2010.11.26"]
[SourceQuality "1"]

1. e4 c5 2. Nf3 e6 3. d4 cxd4 4. Nxd4 a6 5. Bd3 Nf6 6. 0-0 d6 7. f4 Be7 8. Nc3 0-0 9. Kh1 Qc7 10. Be3 Bd7 11. Qf3 1/2-1/2

[Event "EST-ch"]
[Site "Tallinn"]
[Date "2007.01.20"]
[Round "1"]
[White "Zjukin, Sergei"]
[Black "Seeman, Tarvo"]
[Result "1/2-1/2"]
[WhiteElo "2357"]
[BlackElo "2425"]
[PlyCount "42"]
[EventDate "2007.01.20"]
[EventType "tourn"]
[EventRounds "9"]
[EventCountry "EST"]
[EventCategory "5"]
[SourceTitle "CBM 116 Extra"]
[Source "ChessBase"]
[SourceDate "2007.03.07"]
[SourceVersion "1"]
[SourceVersionDate "2007.03.07"]
[SourceQuality "1"]

1. e4 c5 2. Nf3 e6 3. d4 cxd4 4. Nxd4 Nc6 5. Nxc6 bxc6 6. Bd3 Nf6 7. 0-0 e5 8. Kh1 Bc5 9. f4 d6 10. Qe1 Ng4 11. Nc3 a5 12. h3 h5 13. f5 a4 14. Bd2 Ba6 15. Nd1 Bd4 16. Rb1 Qb6 17. Rf3 Bxd3 18. cxd3 Ke7 19. Ne3 Nxe3 20. Bxe3 Bxe3 21. Rxe3 h4 1/2-1/2

[Event "Keres Memorial (Women)"]
[Site "Tallinn"]
[Date "2007.01.12"]
[Round "9"]
[White "Zjukin, Sergei"]
[Black "Shvyrjov, Igor"]
[Result "0-1"]
[WhiteElo "2357"]
[BlackElo "2412"]
[PlyCount "86"]
[EventDate "2007.01.06"]
[EventType "tourn"]
[EventRounds "9"]
[EventCountry "EST"]
[SourceTitle "CBM 116 Extra"]
[Source "ChessBase"]
[SourceDate "2007.03.07"]
[SourceVersion "1"]
[SourceVersionDate "2007.03.07"]
[SourceQuality "1"]

1. e4 g6 2. d4 Bg7 3. Nc3 d6 4. Nf3 c6 5. Be2 Nd7 6. 0-0 Qc7 7. h3 b5 8. a3 Bb7 9. Be3 Ngf6 10. Re1 a6 11. Bf1 e5 12. g3 0-0 13. dxe5 dxe5 14. Bg2 Rfd8 15. Qe2 Bf8 16. Nd2 Re8 17. Nf1 Nc5 18. Bg5 Nfd7 19. f3 Ne6 20. Be3 Rad8 21. Kh2 Nb6 22. b3 Nd4 23. Qf2 c5 24. Rec1 Bc6 25. h4 Qb7 26. Bh3 Bg7 27. a4 b4 28. Ne2 f5 29. Bg5 Rd6 30. Nxd4 cxd4 31. Nd2 h6 32. a5 hxg5 33. axb6 g4 34. fxg4 fxe4 35. Nc4 Rf6 36. Qe2 e3 37. Na5 Qxb6 38. Qc4+ Kh7 39. g5 Rf2+ 40. Kg1 Be4 41. Ra4 Rb8 42. Bf1 Rbf8 43. Qxb4 R8f3 0-1

[Event "Keres Memorial (Women)"]
[Site "Tallinn"]
[Date "2007.01.11"]
[Round "8"]
[White "Purtseladze, Maka"]
[Black "Zjukin, Sergei"]
[Result "1/2-1/2"]
[WhiteElo "2308"]
[BlackElo "2357"]
[PlyCount "28"]
[EventDate "2007.01.06"]
[EventType "tourn"]
[EventRounds "9"]
[EventCountry "EST"]
[SourceTitle "CBM 116 Extra"]
[Source "ChessBase"]
[SourceDate "2007.03.07"]
[SourceVersion "1"]
[SourceVersionDate "2007.03.07"]
[SourceQuality "1"]

1. d4 Nf6 2. c4 g6 3. Nc3 d5 4. Bg5 Ne4 5. Bh4 Nxc3 6. bxc3 Bg7 7. e3 c5 8. cxd5 cxd4 9. cxd4 Qxd5 10. Nf3 Nc6 11. Be2 0-0 12. 0-0 e5 13. dxe5 Qxd1 14. Rfxd1 Nxe5 1/2-1/2

[Event "Keres Memorial (Women)"]
[Site "Tallinn"]
[Date "2007.01.08"]
[Round "4"]
[White "Zjukin, Sergei"]
[Black "Skinke, Katrina"]
[Result "1/2-1/2"]
[WhiteElo "2357"]
[BlackElo "2132"]
[PlyCount "34"]
[EventDate "2007.01.06"]
[EventType "tourn"]
[EventRounds "9"]
[EventCountry "EST"]
[SourceTitle "CBM 116 Extra"]
[Source "ChessBase"]
[SourceDate "2007.03.07"]
[SourceVersion "1"]
[SourceVersionDate "2007.03.07"]
[SourceQuality "1"]

1. e4 d6 2. d4 Nf6 3. Nc3 g6 4. Nf3 Bg7 5. Be2 0-0 6. 0-0 Nbd7 7. e5 Ne8 8. Bf4 c5 9. dxc5 Nxc5 10. Nd5 dxe5 11. Bxe5 Bxe5 12. Nxe5 Nf6 13. Nxf6+ exf6 14. Nd3 Ne4 15. Bf3 Ng5 16. Re1 Qc7 17. Bd5 Be6 1/2-1/2

[Event "EST-chT 21st"]
[Site "Tallinn"]
[Date "2006.03.24"]
[Round "3"]
[White "Malinin, Yuri"]
[Black "Zjukin, Sergei"]
[Result "1/2-1/2"]
[WhiteElo "2358"]
[BlackElo "2366"]
[PlyCount "32"]
[EventDate "2006.03.23"]
[EventType "team"]
[EventRounds "7"]
[EventCountry "EST"]
[SourceTitle "EXT 2007"]
[Source "ChessBase"]
[SourceDate "2006.11.23"]
[SourceVersion "1"]
[SourceVersionDate "2006.11.23"]
[SourceQuality "1"]
[WhiteTeam "Narva Maletaht"]
[BlackTeam "Kadrioru MK"]
[WhiteTeamCountry "EST"]
[BlackTeamCountry "EST"]

1. e4 e5 2. Nf3 Nc6 3. Bb5 a6 4. Bxc6 dxc6 5. Nc3 f6 6. d4 exd4 7. Nxd4 c5 8. Nde2 Qxd1+ 9. Nxd1 Be6 10. Bf4 0-0-0 11. Ne3 c4 12. Rd1 Rxd1+ 13. Nxd1 Bc5 14. Be3 Bd6 15. Bf4 Bc5 16. Be3 Bd6 1/2-1/2

[Event "Keres Memorial-A"]
[Site "Tallinn"]
[Date "2006.01.11"]
[Round "6"]
[White "Zjukin, Sergei"]
[Black "Starostits, Ilmars"]
[Result "1/2-1/2"]
[WhiteElo "2356"]
[BlackElo "2493"]
[PlyCount "73"]
[EventDate "2006.01.08"]
[EventType "tourn"]
[EventRounds "9"]
[EventCountry "EST"]
[EventCategory "10"]
[SourceTitle "CBM 110 Extra"]
[Source "ChessBase"]
[SourceDate "2006.03.10"]
[SourceVersion "2"]
[SourceVersionDate "2006.03.10"]
[SourceQuality "1"]

1. e4 c5 2. Nf3 d6 3. c3 Nf6 4. Be2 Nbd7 5. d3 g6 6. 0-0 Bg7 7. Re1 0-0 8. Bf1 Ne5 9. d4 Nxf3+ 10. Qxf3 cxd4 11. cxd4 Qb6 12. d5 Ng4 13. h3 Bxb2 14. Bxb2 Qxb2 15. Nc3 Ne5 16. Qe3 Qa3 17. Rab1 b6 18. f4 Nd7 19. Kh1 Nc5 20. Qd4 Ba6 21. e5 Rac8 22. Re3 Bxf1 23. Rxf1 Qa6 24. Rff3 Nb7 25. f5 Qc4 26. Qd2 Nc5 27. f6 exf6 28. exf6 Qh4 29. Nb5 Nd7 30. Nxd6 Rc5 31. Ne4 Rc4 32. Qe2 Rc1+ 33. Kh2 Ne5 34. Rg3 Nc4 35. Rc3 Rxc3 36. Rxc3 b5 37. g3 1/2-1/2

[Event "Keres Memorial-A"]
[Site "Tallinn"]
[Date "2006.01.10"]
[Round "5"]
[White "Sulskis, Sarunas"]
[Black "Zjukin, Sergei"]
[Result "0-1"]
[WhiteElo "2504"]
[BlackElo "2356"]
[PlyCount "230"]
[EventDate "2006.01.08"]
[EventType "tourn"]
[EventRounds "9"]
[EventCountry "EST"]
[EventCategory "10"]
[SourceTitle "CBM 110 Extra"]
[Source "ChessBase"]
[SourceDate "2006.03.10"]
[SourceVersion "2"]
[SourceVersionDate "2006.03.10"]
[SourceQuality "1"]

1. e4 e5 2. Nf3 Nc6 3. d4 exd4 4. Nxd4 Nf6 5. Nxc6 bxc6 6. e5 Qe7 7. Qe2 Nd5 8. c4 Ba6 9. b3 g6 10. g3 Bg7 11. Bb2 0-0 12. Bg2 Rae8 13. 0-0 Bxe5 14. Qxe5 Qxe5 15. Bxe5 Rxe5 16. cxd5 Bxf1 17. Kxf1 cxd5 18. Nc3 c6 19. Na4 Ra8 20. Nc5 Re7 21. Rd1 Kf8 22. Bf3 a5 23. Rd4 Ra7 24. h4 h5 25. Rd2 Ke8 26. Be2 Kd8 27. Ke1 Kc7 28. Rc2 Re8 29. Kd2 Kd6 30. Bd3 Kc7 31. Rc1 Raa8 32. Bf1 Kd6 33. Nd3 Reb8 34. Kc3 Re8 35. Kb2 Ra7 36. Rc2 Re7 37. Bg2 Re8 38. Bf3 Re6 39. Ka3 Re8 40. Ka4 Re7 41. Rc1 Re8 42. Ka3 Re7 43. Kb2 Ra8 44. a4 Ree8 45. Kc3 Rab8 46. Rf1 Re7 47. Bd1 Ree8 48. Kd2 Re7 49. f4 f5 50. Ne5 Re6 51. Rf3 Kc7 52. Rc3 Kd6 53. Nd3 Re7 54. Rc5 Ra8 55. Rc1 Rb8 56. Rb1 Ree8 57. Ne5 Re6 58. Kc3 Kc7 59. Kd2 Kd6 60. Bf3 Rb6 61. Kc2 Rb8 62. Rd1 Kc7 63. Rd2 Rb6 64. Nd3 Kd6 65. Rd1 Rb8 66. Ne5 Kc7 67. Kc3 Kd6 68. Rd3 Ra8 69. b4 axb4+ 70. Kxb4 Rb8+ 71. Ka3 Ra8 72. Rb3 Kc7 73. Rc3 Kd6 74. Rc1 Ra7 75. Kb4 Rb7+ 76. Kc3 Ra7 77. Ra1 Kc7 78. Kd2 Ra5 79. Ra3 d6 80. Nd3 d4 81. Nb2 d5 82. Rb3 Re3 83. Rxe3 dxe3+ 84. Kxe3 Kd6 85. Kd4 c5+ 86. Kc3 Ra7 87. Be2 Re7 88. Kd2 c4 89. Nd1 Kc5 90. Ne3 Ra7 91. Bd1 d4 92. Ng2 Rb7 93. Ne1 Rb2+ 94. Kc1 Rh2 95. Nf3 Rg2 96. a5 d3 97. Ne5 Ra2 98. Kb1 Rxa5 99. Kb2 Rb5+ 100. Kc3 Rb1 101. Ba4 Rc1+ 102. Kd2 Ra1 103. Be8 Ra2+ 104. Kd1 Kd4 105. Nxc4 Ra1+ 106. Kd2 Kxc4 107. Bxg6 Ra2+ 108. Ke3 Re2+ 109. Kf3 Re1 110. Bxh5 d2 111. Kg2 Kd4 112. Kf2 d1Q 113. Bxd1 Rxd1 114. Kg2 Ke4 115. h5 Rd8 0-1

[Event "EST-ch"]
[Site "Tallinn"]
[Date "2005.05.16"]
[Round "9"]
[White "Zjukin, Sergei"]
[Black "Sepp, Olav"]
[Result "1/2-1/2"]
[WhiteElo "2373"]
[BlackElo "2461"]
[PlyCount "21"]
[EventDate "2005.05.10"]
[EventType "tourn"]
[EventRounds "9"]
[EventCountry "EST"]
[EventCategory "8"]
[SourceTitle "CBM 106 Extra"]
[Source "ChessBase"]
[SourceDate "2005.07.01"]
[SourceVersion "1"]
[SourceVersionDate "2005.07.01"]
[SourceQuality "1"]

1. e4 e5 2. Nf3 Nc6 3. Bb5 Nf6 4. 0-0 Nxe4 5. d4 Nd6 6. Bxc6 dxc6 7. dxe5 Nf5 8. Qxd8+ Kxd8 9. Nc3 Ne7 10. Nd4 Ng6 11. f4 1/2-1/2

[Event "EST-chT 20th"]
[Site "Tallinn "]
[Date "2005.03.17"]
[Round "1"]
[White "Kulaots, Kaido"]
[Black "Zjukin, Sergei"]
[Result "1/2-1/2"]
[WhiteElo "2572"]
[BlackElo "2373"]
[PlyCount "62"]
[EventDate "2005.03.17"]
[EventType "team-tourn"]
[EventRounds "7"]
[EventCountry "EST"]
[SourceTitle "EXT 2016"]
[Source "ChessBase"]
[SourceDate "2015.10.08"]
[SourceVersion "1"]
[SourceVersionDate "2015.10.08"]
[SourceQuality "1"]

1. e4 e5 2. Nf3 Nc6 3. Bb5 a6 4. Ba4 Nf6 5. 0-0 Be7 6. Re1 b5 7. Bb3 d6 8. c3 0-0 9. h3 Bb7 10. d4 Re8 11. Nbd2 Bf8 12. a3 g6 13. Ba2 Bg7 14. d5 Ne7 15. Nf1 c6 16. dxc6 Bxc6 17. Ng3 Qc7 18. Bg5 Rad8 19. Nh2 d5 20. Bxf6 dxe4 21. Qb3 Bd5 22. Bxe7 Bxb3 23. Bxd8 Qc4 24. Rxe4 Qe6 25. Bxb3 Qxb3 26. Rb4 Qc2 27. Bc7 f5 28. Nf3 Re7 29. Bd6 Re6 30. Bc7 Re7 31. Bd6 Re6 1/2-1/2

[Event "Vetemaa Memorial"]
[Site "Estonia"]
[Date "2004.??.??"]
[Round "?"]
[White "Kengis, Edvins"]
[Black "Zjukin, Sergei"]
[Result "1-0"]
[WhiteElo "2560"]
[BlackElo "2390"]
[PlyCount "81"]
[EventDate "2004.04.??"]
[EventType "swiss"]
[EventRounds "7"]
[EventCountry "EST"]
[SourceTitle "EXT 2007"]
[Source "ChessBase"]
[SourceDate "2006.11.23"]
[SourceVersion "1"]
[SourceVersionDate "2006.11.23"]
[SourceQuality "1"]

1. Nf3 Nf6 2. c4 g6 3. g3 c6 4. b3 Bg7 5. Bb2 d5 6. Bg2 0-0 7. 0-0 Bf5 8. d3 Qd7 9. Nbd2 Bh3 10. Qc2 Bxg2 11. Kxg2 Ne8 12. b4 Bxb2 13. Qxb2 Qe6 14. e4 dxc4 15. Nxc4 Nd7 16. Nd4 Qf6 17. f4 Nc7 18. Rac1 c5 19. bxc5 Nxc5 20. Ne5 Qd6 21. Ndf3 Rab8 22. d4 N5e6 23. d5 Nc5 24. Qd4 N7a6 25. Ng4 f6 26. e5 Qd7 27. f5 gxf5 28. e6 Qa4 29. Nh6+ Kh8 30. Rc4 Qxa2+ 31. Rf2 Qb1 32. Rxc5 Nxc5 33. Qxc5 Rfe8 34. Rc2 Rbc8 35. Qxc8 Rxc8 36. Rxc8+ Kg7 37. d6 Qa2+ 38. Kf1 Qxe6 39. Nd4 Qe4 40. Ndxf5+ Kg6 41. Rg8+ 1-0

[Event "EST-ch"]
[Site "Tallinn"]
[Date "2004.??.??"]
[Round "5"]
[White "Zjukin, Sergei"]
[Black "Seeman, Tarvo"]
[Result "0-1"]
[WhiteElo "2390"]
[BlackElo "2425"]
[PlyCount "140"]
[EventDate "2004.??.??"]
[EventType "tourn"]
[EventRounds "9"]
[EventCountry "EST"]
[EventCategory "4"]
[SourceTitle "EXT 2007"]
[Source "ChessBase"]
[SourceDate "2006.11.23"]
[SourceVersion "1"]
[SourceVersionDate "2006.11.23"]
[SourceQuality "1"]

1. e4 c5 2. Nf3 e6 3. d4 cxd4 4. Nxd4 Nc6 5. Nxc6 bxc6 6. Bd3 Nf6 7. 0-0 e5 8. Kh1 Bc5 9. f4 d6 10. fxe5 Ng4 11. Qf3 Nxe5 12. Qg3 0-0 13. Nd2 Be6 14. Nf3 f6 15. Nh4 Rb8 16. Nf5 Bxf5 17. Rxf5 Qe8 18. b3 Qg6 19. Bf4 Qxg3 20. Bxg3 g6 21. Rff1 Rbe8 22. Bxe5 Rxe5 23. g3 Kg7 24. Kg2 h5 25. h4 Bd4 26. Rad1 Rc5 27. Rf3 Be5 28. Bc4 a5 29. a4 Rb8 30. c3 Kf8 31. Re3 Ke7 32. Kf3 g5 33. hxg5 fxg5 34. Rh1 Rh8 35. Ke2 h4 36. gxh4 Rxh4 37. Rxh4 gxh4 38. Kd3 Bf6 39. b4 Rg5 40. b5 cxb5 41. Bxb5 Rg1 42. Rh3 Rc1 43. Kd2 Bg5+ 44. Ke2 Ke6 45. Rf3 Bf6 46. Kd2 Rh1 47. Bc4+ Ke7 48. Bf1 Be5 49. Ke2 Bg3 50. Rf5 h3 51. Rxa5 Be5 52. Ra7+ Kf6 53. Rh7 h2 54. Bg2 Ra1 55. Rh5 Kg6 56. Bf3 Rxa4 57. Rh4 Rc4 58. Rg4+ Kf6 59. Bg2 Rxc3 60. Kf2 Rc1 61. Rh4 Kg5 62. Rh7 Rc3 63. Bf3 Rc2+ 64. Be2 Ra2 65. Rh3 Ra1 66. Bf1 Kg4 67. Rh7 Bg3+ 68. Kg2 Ra2+ 69. Kh1 Kf3 70. Rf7+ Bf4 0-1

[Event "EST-ch"]
[Site "Tallinn"]
[Date "2003.05.18"]
[Round "2.1"]
[White "Kuusk, Andres"]
[Black "Zjukin, Sergei"]
[Result "1/2-1/2"]
[WhiteElo "2107"]
[BlackElo "2401"]
[PlyCount "42"]
[EventDate "2003.05.17"]
[EventType "k.o."]
[EventRounds "6"]
[EventCountry "EST"]
[SourceTitle "CBM 094 Extra"]
[Source "ChessBase"]
[SourceDate "2003.07.09"]
[SourceVersion "2"]
[SourceVersionDate "2003.07.09"]
[SourceQuality "1"]

1. d4 Nf6 2. c4 g6 3. Nc3 d5 4. cxd5 Nxd5 5. e4 Nxc3 6. bxc3 Bg7 7. Nf3 c5 8. Be3 Qa5 9. Qd2 Nc6 10. Rc1 cxd4 11. cxd4 Qxd2+ 12. Kxd2 0-0 13. Bb5 f5 14. exf5 Bxf5 15. Bxc6 bxc6 16. Rxc6 Rfb8 17. Kc3 Rb6 18. Rxb6 axb6 19. Kb2 Be6 20. a3 Bd5 21. Rc1 e6 1/2-1/2